000 00703nam a2200265Ia 4500
005 20260121173647.0
008 008 260114s9999 xx 000 0 eng d
020 _a9789401796361
037 _aEBOOK
040 _aCRL
040 _beng
040 _cCRL
041 _2eng
041 _aeng
084 _qCRL
100 _aAna Sim?es Maria Paula Diogo Kostas Gavroglu
_91103613
245 0 _aSciences in the Universities of Europe Nineteenth and Twentieth Centuries
260 _bSpringer
260 _bSpringer
260 _c2015
856 _uhttps://link.springer.com/openurl?genre=book&isbn=978-94-017-9636-1
942 _cEBOOK
999 _c1669361
_d1669361